000 00936nam a2200217 a 4500
008 081104s1998 ||||||||||||||||| || u
050 _aTS 176 Gup
100 _aKaithal, Anita
245 1 0 _aDesign and manufacturing systems. --2nd ed.
_cR. B. Gupta; Anita Kaithal
250 _a2nd
260 _aNew Delhi
_bSatya Prakashan
_c1998
300 _av, 783p.: ill.
350 _a39000.00
650 _aMANUFACTURING
650 _aCOMPUTER INTEGRATED MANUFACTURING SYSTEMS
650 _aMANUFACTURING PROCESS
650 _aFLEXIBLE MANUFACTURING SYSTEMS
700 _aGupta, R. B
995 _aMAIN LIBRARY OPEN ACCESS
_D39000.00
_e738411
_FCBU-MAIN LIBRARY (Kitwe)
_H1
_I0.00
_jTS 176 GUP
_M2
_UAVAILABLE
_WNov 4, 2008
_y738411
_ZMain Library Open Access Collection
995 _aMAIN LIBRARY OPEN ACCESS
_D39000.00
_e738410
_FCBU-MAIN LIBRARY (Kitwe)
_H1
_I0.00
_jTS 176 GUP
_M1
_UAVAILABLE
_WNov 4, 2008
_y738410
_ZMain Library Open Access Collection
999 _c63437
_d63437